Phong lan Việt Nam

Sách giới thiệu một cách có hệ thống các chi loài phong lan dễ gặp và dễ sưu tầm các loại có hương sắc tuyệt diệu để góp phần vào công cuộc giới thiệu và hướng dẫn chăm sóc và trưng bày phong lan...

Cur síos iomlán

Đã lưu trong:
Sonraí Bibleagrafaíochta
Príomhúdar: Trần, Hợp
Formáid: Leabhar
Teanga:Undetermined
Foilsithe: Hà Nội Khoa học và Kỹ thuật 1988
Ábhair:
Clibeanna: Cuir Clib Leis
Gan Chlibeanna, Bí ar an gcéad duine leis an taifead seo a chlibeáil!
Thư viện lưu trữ: Trung tâm Học liệu Trường Đại học Cần Thơ
LEADER 00951nam a2200229Ia 4500
001 CTU_140893
008 210402s9999 xx 000 0 und d
020 |b 92.000đ 
020 |c 3000 
082 |a 635.9344 
082 |b H466/T.1 
100 |a Trần, Hợp 
245 0 |a Phong lan Việt Nam 
245 0 |c Trần Hợp 
260 |a Hà Nội 
260 |b Khoa học và Kỹ thuật 
260 |c 1988 
520 |a Sách giới thiệu một cách có hệ thống các chi loài phong lan dễ gặp và dễ sưu tầm các loại có hương sắc tuyệt diệu để góp phần vào công cuộc giới thiệu và hướng dẫn chăm sóc và trưng bày phong lan 
650 |a Orchid culture,Orchids,Phong lan,Trồng phong lan 
650 |z Vietnam,Việt Nam 
904 |i Huỳnh Mai 
980 |a Trung tâm Học liệu Trường Đại học Cần Thơ